|
|
|
|
| LEADER |
00000cam a2200000 a 4500 |
| 001 |
vtls001065879 |
| 003 |
SK-MaSNL |
| 005 |
20260426013821.0 |
| 008 |
240226s1991 xo a frp 000 0 eng |
| 015 |
|
|
|a SNBA1991/10
|
| 020 |
|
|
|a 8006004730
|q (brožované)
|
| 020 |
|
|
|a 8006004846
|q (súbor ;
|q brožované)
|
| 035 |
|
|
|a SNK000008709
|
| 035 |
|
|
|a A93E9930-FCAF-471A-9C84-180CD0ED37CD
|
| 035 |
|
|
|a urn:nbn:sk:snk-am00ief3
|
| 040 |
|
|
|a SNK
|b slo
|c SNK
|e AACR2
|
| 041 |
0 |
|
|a eng
|
| 044 |
|
|
|a xo
|c SK
|
| 072 |
|
7 |
|a 811.111
|x Angličtina
|2 konspekt
|
| 072 |
|
7 |
|a 37.016
|x Učebné osnovy. Vyučovacie predmety. Učebnice
|2 konspekt
|
| 080 |
|
|
|a 802.0(075)
|2 1981
|
| 080 |
|
|
|a 811.111
|2 2011
|
| 080 |
|
|
|a (075)
|2 2011
|
| 080 |
|
|
|a 80-06-00484-6
|2 1981
|
| 100 |
1 |
|
|a Doorley, Damien
|4 aut
|9 375800
|
| 245 |
1 |
0 |
|a Starting English
|b Workbook
|c Damien Doorley
|
| 250 |
|
|
|a 1. vyd.
|
| 260 |
|
|
|a Bratislava
|b Mladé letá
|c 1991
|e Nitra
|f Nitrianske tlačiarne
|
| 300 |
|
|
|a 44 strán
|b ilustrácie
|c 25 cm
|
| 500 |
|
|
|a Toto vydanie vyšlo v licencii a je určené na predaj len v ČSSR a ZSSR
|
| 650 |
0 |
7 |
|a angličtina
|2 SNKPH
|9 1260
|
| 655 |
|
7 |
|a učebnice
|2 SNKPH
|9 22521
|
| 852 |
|
|
|a Slovenská národná knižnica
|
| 919 |
|
|
|a 80-06-00473-0
|
| 954 |
|
|
|a odborná, vedecká literatúra cudzojazyčná (svetová)
|2 lita
|
| 958 |
|
|
|a BQ
|
| 958 |
|
|
|a TL
|
| 958 |
|
|
|a OND
|
| 958 |
|
|
|a EUIPO
|
| 999 |
|
|
|c 1133859
|d 1135789
|
| 952 |
|
|
|t P60, <04>, [BOOK], {604}
|a SNK
|b SNK
|y VYP
|7 0
|p 17A0094514
|o snkSC 80218/[c] D1
|0 0
|1 0
|4 0
|d 1997-09-20
|l 0
|r 2004-12-31 00:00:00
|w 2026-02-24
|
| 952 |
|
|
|a SNK
|b SNK
|y PREZ
|7 0
|p 17A0945383
|o snkSC 80218/[c]
|i snkKSP 7004/91
|0 0
|1 0
|4 0
|d 2012-08-13
|f 1
|l 0
|r 2025-08-11 00:00:00
|w 2026-02-24
|